000 00783nab a2200241 4500
003 BR-BrBNA
005 20250626002931.0
008 250626b bl.||||| |||| 00| 0 por d
040 _aBR-BrBNA
_bpor
072 _aN10 ; H01 ; F01
_b4420 ; 4560
100 _aSavanachi, Eduardo
245 _aA era das superestufas
_bAgrotecnologia
500 _a1 illus.
650 _aESTUFA
650 _aFILTRO
650 _aRADIAÇÃO SOLAR
650 _aPROTEÇÃO DE PLANTA
650 _aGANHO DE PRODUÇÃO
650 _aPRODUTIVIDADE
773 0 _01706
_9347888
_dSão Paulo-SP Editora Três Ltda - E-mail: luizfsa@revistadinheiro.com.br 2004
_o2025-0387
_tDinheiro Rural (Brazil)
_x1807-3700
_gv. 6(61) p. 48; (Nov 2009)
_wBR2025003631
942 _cANA
999 _c332229
_d332229